| 000 | 00771cab a2200229 4500 | ||
|---|---|---|---|
| 001 | WB3432-29 | ||
| 008 | 090401t1998 xxu||||| |||| 00| 0 eng d | ||
| 035 | _a(Sirsi) u88035 | ||
| 041 | _aeng | ||
| 245 | _aLandlord`s hole in one | ||
| 260 | _c1998 | ||
| 350 | _a0 | ||
| 490 |
_aEstates Gazette _v(9833) 15 August 1998, 71(1) |
||
| 520 | _aDiscusses the decision in "Dolgellau Golf Club v Hett" which considered the statutory grounds on which a landlord can oppose a 1954 Act tenant`s right to a new tenancy. | ||
| 650 | _aDOLGELLAU GOLF CLUB V HETT | ||
| 650 | _aLANDLORD AND TENANT ACT 1954 S30 | ||
| 650 | _aLANDLORD AND TENANT ACT 1954 | ||
| 650 | _aNEW TENANCY | ||
| 690 | _aLANDLORD AND TENANT-BUSINESS TENANCIES | ||
| 942 | _n0 | ||
| 948 | _c18/08/1998 | ||
| 999 |
_c55589 _d55589 |
||